=LDR 00000nam 2200000 4500 =001 INLIS000000000024954 =005 20130612123513 =008 ***********************************Ind** =035 ##$$0010-061300000024954 =041 ##$$a Ind =082 ##$$a 342.07 =090 ##$$a 342.07, Roh p =100 ##$$a Rahmat A =245 ##$$a Penuntun belajar tata negara berdasarkan kurikulum SMU 1994 untuk SMU kelas III caturwulan 1,2 dan 3, Drs. A Rahmat A =260 ##$$a 1996 $b Bandung =300 ##$$a vii, 302 hlm, 21 cm =650 ##$$a Tata Negara =850 ##$$a NBPNMAT